Qatar 2022 - Resultados - Estadísticas

Estadísticas generales
  • Esta prueba ha sido intentada 345 veces
  • La puntuación promedio es 63 de 64
Estadísticas de respuestas
Hint Respuesta % Correcto
Estados Unidos 1-1 Gales
100%
Países Bajos 1-1 Ecuador
100%
España 1-1 Alemania
100%
Japón 1(1) - 1(3) Croacia
100%
Argentina 1-2 Arabia Saudita
100%
Alemania 1-2 Japón
100%
Ecuador 1-2 Senegal
100%
Arabia Saudita 1-2 México
100%
Canadá 1-2 Marruecos
100%
Inglaterra 1-2 Francia
100%
Croacia 1(4) - 1(2) Brasil
100%
Francia 2-1 Dinamarca
100%
Japón 2-1 España
100%
Corea del Sur 2-1 Portugal
100%
Argentina 2-1 Australia
100%
Croacia 2-1 Marruecos
100%
Camerún 3-3 Serbia
100%
Argentina 3(4) - 3(2) Francia
100%
México 0-0 Polonia
99%
Dinamarca 0-0 Túnez
99%
Marruecos 0-0 Croacia
99%
Uruguay 0-0 Corea del Sur
99%
Inglaterra 0-0 Estados Unidos
99%
Croacia 0-0 Bélgica
99%
Marruecos 0(3) - 0(0) España
99%
Bélgica 1-0 Canadá
99%
Suiza 1-0 Camerún
99%
Brasil 1-0 Suiza
99%
Túnez 1-0 Francia
99%
Australia 1-0 Dinamarca
99%
Camerún 1-0 Brasil
99%
Marruecos 1-0 Portugal
99%
Brasil 2-0 Serbia
99%
Polonia 2-0 Arabia Saudita
99%
Argentina 2-0 México
99%
Portugal 2-0 Uruguay
99%
Países Bajos 2-0 Qatar
99%
Francia 2-0 Marruecos
99%
Países Bajos 2(3) - 2(4) Argentina
99%
Inglaterra 3-0 Senegal
99%
Argentina 3-0 Croacia
99%
Qatar 1-3 Senegal
98%
Países Bajos 3-1 Estados Unidos
98%
Francia 3-1 Polonia
98%
Francia 4-1 Australia
98%
Croacia 4-1 Canadá
98%
Brasil 4-1 Corea del Sur
98%
Túnez 0-1 Australia
97%
Japón 0-1 Costa Rica
97%
Irán 0-1 Estados Unidos
97%
Qatar 0-2 Ecuador
97%
Senegal 0-2 Países Bajos
97%
Gales 0-2 Irán
97%
Bélgica 0-2 Marruecos
97%
Polonia 0-2 Argentina
97%
Ghana 0-2 Uruguay
97%
Gales 0-3 Inglaterra
96%
Portugal 3-2 Ghana
96%
España 7-0 Costa Rica
96%
Corea del Sur 2-3 Ghana
95%
Serbia 2-3 Suiza
95%
Costa Rica 2-4 Alemania
95%
Portugal 6-1 Suiza
91%
Inglaterra 6-2 Irán
88%
No se encontraron pruebas coincidentes
Distribución de puntuación
Porcentaje de gente con cada puntuación
Porcentaje por número respondido
Historial de tus puntuaciones
No has intentado esta prueba.